logo

Bir Sreshtho Munshi Abdur Rouf Library
Jhenaidah Cadet College

Zen there was murder / (Record no. 7239)

MARC details
000 -LEADER
fixed length control field 00566nam a2200217 a 4500
001 - CONTROL NUMBER
JCCL Control Number 7239
003 - CONTROL NUMBER IDENTIFIER
JCCL marc code BD-JhCC
005 - DATE AND TIME OF LATEST TRANSACTION
control field 20180421131515.0
008 - FIXED-LENGTH DATA ELEMENTS--GENERAL INFORMATION
fixed length control field 180206s1960 xx 000 1 und d
035 ## - SYSTEM CONTROL NUMBER
system control number (BD-JhCC)7239
040 ## - CATALOGING SOURCE
Original cataloging agency BD-JhCC
Transcribing agency EQO
Modifying agency BD-JhCC
041 ## - LANGUAGE CODE
Language code of Book eng
082 ## - DEWEY DECIMAL CLASSIFICATION NUMBER
Classification number 9568
Author mark and Year KEA 1960
100 1# - MAIN ENTRY--PERSONAL NAME
Personal name Keating, H. R. F.
Fuller form of name (Henry Reymond Fitzwalter),
Dates associated with a name 1926-2011
245 10 - TITLE STATEMENT
Title Zen there was murder /
Statement of responsibility, etc H. R. F. Keating,
260 ## - PUBLICATION, DISTRIBUTION, ETC. (IMPRINT)
Place of publication, distribution, etc Lond,
Date of publication, distribution, etc 1960
300 ## - PHYSICAL DESCRIPTION
Pagination 217 p. :
Dimensions 21 cm.
650 ## - SUBJECT ADDED ENTRY--TOPICAL TERM
Topical term or geographic name as entry element Adventure Stories
942 ## - ADDED ENTRY ELEMENTS (KOHA)
Source of classification or shelving scheme Dewey Decimal Classification
Koha item type Books
Holdings
Source of classification or shelving scheme Damaged status Not for loan Home library Current library Shelving location Total Checkouts Full call number Barcode Date last seen Copy number Koha item type
Dewey Decimal Classification     JCC Rouf Library JCC Rouf Library General Stacks   9568 KEA 1960 9568 02/06/2018 C - 1 Books

JCC Library | Contacts | JCC Home

Last Update on 23 September 2017
Copyright @ 2017-2020 JCC Rouf Library
Rouf Library, Jhenidah Cadet College (JCC), Bangladesh